Recent Advances and Novel Approaches in Macromolecule-Metal Complexes : Selected Contributions from The Conference in Tirrenia, Italy, September 10-13 2005 /
Guardat en:
| Autor corporatiu: | |
|---|---|
| Altres autors: | , , |
| Format: | Actes de congresos Llibre |
| Idioma: | anglès |
| Publicat: |
Weinheim, Alemania :
Wiley-VCH,
2006, c2006
|
| Col·lecció: | (Macromolecular Symposia ;
235) |
| Matèries: | |
| Etiquetes: |
Sense etiquetes, Sigues el primer a etiquetar aquest registre!
|
MARC
| LEADER | 00000nam^a2200000^a^4500 | ||
|---|---|---|---|
| 001 | 000191351 | ||
| 005 | 20250521000000.0 | ||
| 009 | 20260310102524.166 | ||
| 020 | |a 3-527-31518-7 | ||
| 037 | |a Acervo ITESO - Biblioteca | ||
| 041 | |a ING | ||
| 082 | |a 547. 7 |b INT 2005 | ||
| 111 | |a International Symposium on Macromolecule-Metal Complexes ( |n 11º : |d 2005 : |c Pisa, Italia) | ||
| 245 | 1 | 0 | |a Recent Advances and Novel Approaches in Macromolecule-Metal Complexes : |b Selected Contributions from The Conference in Tirrenia, Italy, September 10-13 2005 / |c Ed. de R. Barbucci, F. Ciardelli, G. Ruggeri. |
| 264 | 4 | |a Weinheim, Alemania : |b Wiley-VCH, |c 2006, c2006 | |
| 300 | |a XI, 236 p. | ||
| 336 | |a texto |b txt |2 rdacontenido | ||
| 337 | |a sin mediación |b n |2 rdamedio | ||
| 338 | |a volumen |b nc |2 rdasoporte | ||
| 440 | 1 | |a (Macromolecular Symposia ; |v 235) | |
| 649 | |a XX | ||
| 650 | |a Macromoléculas - |x Congresos - |x Tema Principal | ||
| 650 | |a Complejos Metálicos - |x Tema Principal | ||
| 650 | |a Iones Metálicos - |x Congresos - |x Tema Principal | ||
| 650 | |a Complejos de Metales de Transición | ||
| 650 | |a Membranas (Tecnología) | ||
| 650 | |a Química Orgánica | ||
| 650 | |a Bioquímica | ||
| 700 | |a Barbucci, Rolando |e (edición) | ||
| 700 | |a Ciardelli, Francesco |e (edición) | ||
| 700 | |a Ruggeri, Giacomo |e (edición) | ||
| 910 | |a Fondo General | ||
| 920 | |a Impresos - Libros | ||
| 930 | |a Colección General | ||
| 905 | |a 101 | ||
| 901 | |a 0500134619 |b IT1 |c ACC |u 20250521 | ||
| 902 | |a https://opac.biblio.iteso.mx/vufind/Record/000191351 | ||